00640nam a2200217Ia 4500008004100000020001800041100002800059245002600087245006000113260001500173260002000188260000900208300002700217300002700244300001000271500007300281650002500354650002200379650001300401700000800414160803s9999 xx 000 0 und d a9780590057226 aEdwards, Pamela Duncan. 4aThe grumpy morning /  cPamela Duncan Edwards ; illustrated by Darcia Labrosse. aNew York : bScholastic Inc. c1998 a22 unnumbered pages :  bcolor illustrations ;  c22 cm aOriginally published: New York : Hyperion Books for Children, c1998. aDomestic animals --  aStories in rhyme. xFiction. a320